[Event "Montreal Pere Noel op"]
[Site "Montreal"]
[Date "2023.12.27"]
[Round "1"]
[White "St Germain, Jack"]
[Black "Saha, Ananda"]
[Result "0-1"]
[WhiteElo "1507"]
[BlackElo "1992"]
[PlyCount "108"]
[EventDate "2023.12.27"]
[EventType "swiss"]
[EventRounds "5"]
[EventCountry "CAN"]
[SourceTitle "CB02_2024"]
[SourceDate "2024.01.10"]
[SourceVersion "1"]
[SourceVersionDate "2024.01.10"]
[SourceQuality "1"]

1. e4 e6 2. d4 d5 3. Nd2 Nf6 4. e5 Nfd7 5. Bd3 c5 6. c3 Nc6 7. Ngf3 a5 8. 0-0 a4 9. Bb5 Qa5 10. c4 Nxd4 11. Nxd4 cxd4 12. Nf3 dxc4 13. Nxd4 Bc5 14. Bd2 Qb6 15. Be3 Bxd4 16. Bxd7+ Bxd7 17. Bxd4 Qb5 18. Qg4 0-0 19. Rae1 a3 20. Rb1 axb2 21. Rxb2 Qd5 22. Bc3 Bc6 23. f4 Qe4 24. Re1 Qg6 25. Qe2 Bd5 26. Bb4 Rfc8 27. Rc2 Qf5 28. Qf2 Be4 29. Rc3 Bd3 30. a3 b5 31. h3 Rd8 32. Bd6 h6 33. Re3 Kh7 34. g4 Qg6 35. Rg3 Qe4 36. Re3 Qd4 37. Rexd3 Qxf2+ 38. Kxf2 cxd3 39. Rxd3 Ra4 40. Ke3 Rc8 41. Bb4 Ra7 42. f5 Rac7 43. fxe6 fxe6 44. Rd6 Rc6 45. Rd7 R8c7 46. Rd8 Rb7 47. Rd6 Rbc7 48. Rd8 Rc1 49. Rb8 Rh1 50. Rxb5 Rxh3+ 51. Kd2 Rc4 52. Rb7 Rxg4 53. Kc2 Rg2+ 54. Bd2 Rxa3 0-1